| 000 | 00598nam a22001937a 4500 | ||
|---|---|---|---|
| 003 | OSt | ||
| 005 | 20140310182200.0 | ||
| 008 | 130902t xxu||||| |||| 00| 0 eng d | ||
| 020 | _a0207181721 | ||
| 050 |
_aGV 1548 _b.W348 1992 |
||
| 082 |
_aHS 793.8 _bW34 1993 |
||
| 100 |
_aWatts, Barry _916182 |
||
| 245 |
_aMore amazing magic fantastic tricks to amuse, confuse and mystify / _cBarry Watts. |
||
| 260 |
_aAustralia : _bAngus & Robertson, _cc1992. |
||
| 300 |
_a33 p. : _bill. ; _c26 cm. |
||
| 651 |
_aConjuring _x--Juvenile literature. _916183 |
||
| 942 |
_2lcc _cHS |
||
| 999 |
_c10182 _d10182 |
||